Biochemistry (with clinical concepts and case studies) (Record no. 14790)
[ view plain ]
| 000 -LEADER | |
|---|---|
| fixed length control field | 00364nam a22001457a 4500 |
| 020 ## - INTERNATIONAL STANDARD BOOK NUMBER | |
| ISBN | 9788131236017 |
| 082 ## - DEWEY DECIMAL CLASSIFICATION NUMBER | |
| Classification number | 574.192 |
| Item number | SAT/BI |
| 100 ## - MAIN ENTRY--AUTHOR NAME | |
| Personal name | Satyanarayana, U |
| 100 ## - MAIN ENTRY--AUTHOR NAME | |
| Personal name | Chakrapani,U |
| 245 ## - TITLE STATEMENT | |
| Title | Biochemistry (with clinical concepts and case studies) |
| 250 ## - EDITION STATEMENT | |
| Edition statement | 4th |
| 260 ## - PUBLICATION, DISTRIBUTION, ETC. (IMPRINT) | |
| Place of publication | New Delhi |
| Name of publisher | Elsevier |
| Year of publication | 2016 |
| 300 ## - PHYSICAL DESCRIPTION | |
| Number of Pages | 799p |
| 942 ## - ADDED ENTRY ELEMENTS (KOHA) | |
| Koha item type | Books |
| Withdrawn status | Lost status | Damaged status | Home library | Current library | Shelving location | Date acquired | Full call number | Accession Number | Koha item type | Collection code | Source of acquisition | Cost, normal purchase price |
|---|---|---|---|---|---|---|---|---|---|---|---|---|
| KAUAET | KAUAET | Scheme | 24/03/2017 | 574.192 SAT/BI | BB 418 | Book Bank scheme for SC students | ||||||
| KAUAET | KAUAET | Scheme | 24/03/2017 | 574.192 SAT/BI | BB 419 | Book Bank scheme for SC students | ||||||
| KAUAET | KAUAET | General Stacks | 30/03/2017 | 574.192 SAT/BI | 25439 | Books | Vigyan Books, Delhi | 1175.00 | ||||
| KAUAET | KAUAET | General Stacks | 30/03/2017 | 574.192 SAT/BI | 25440 | Books | Vigyan Books, Delhi | 1175.00 | ||||
| KAUAET | KAUAET | General Stacks | 30/03/2017 | 574.192 SAT/BI | 25441 | Books | Vigyan Books, Delhi | 1175.00 | ||||
| KAUAET | KAUAET | General Stacks | 30/03/2017 | 574.192 SAT/BI | 25442 | Books | Vigyan Books, Delhi | 1175.00 | ||||
| KAUAET | KAUAET | General Stacks | 30/03/2017 | 574.192 SAT/BI | 25443 | Books | Vigyan Books, Delhi | 1175.00 | ||||
| KAUAET | KAUAET | General Stacks | 30/03/2017 | 574.192 SAT/BI | 25438 | Books | Vigyan Books, Delhi | 1175.00 |
